000 00867nam a2200253Ia 4500
003 OSt
005 20220926030636.0
006 a|||||r|||| 00| 0
007 ta
008 220923b |||||||| |||| 00| 0 eng d
020 _a9780691129945
_c960.90999999999997
037 _b30700, 03/12/2010, Segment Book Distrobutors
_cGeneral Book
040 _aRTL
_cRTL
_beng
041 _2eng
_aeng
082 _aX.41Oa2, Q0/TD
100 _aBardhan Pranab
_9129250
245 0 _aAwakening giants, feet of clay
_b Assessing the economic rise of China and India
260 _aPrinceton
_bPrinceton University Press
_c2010
300 _avii, 172p
_ccm.
500 _aBibliography: P 161-68
650 _aEconomics
942 _hX.41Oa2, Q0/TD
_cGB
_2CC
999 _c650389
_d650389